| 000 | 01153pam a2200277 a 4500 | ||
|---|---|---|---|
| 005 | 20131030042058.0 | ||
| 008 | 920903r19931961nyu 001 0 eng | ||
| 020 | _a9780679600473 | ||
| 041 | 0 | _aeng | |
| 080 |
_a316.334 _x(73) |
||
| 100 | 1 |
_aJacobs, Jane, _d1916-2006. |
|
| 245 | 1 | 4 |
_aThe death and life of great American cities / _cJane Jacobs ; with a new foreword by the author. |
| 250 | _aModern Library ed. | ||
| 260 |
_aNew York : _bModern Library, _c1993. |
||
| 300 |
_axxiv, 598 p. ; _c20 cm. |
||
| 500 | _aForeword to the modern library edition : f. XI-XVIII | ||
| 500 | _aOriginally published: New York : Random House, 1961. | ||
| 500 | _aIncludes index. | ||
| 650 | 0 |
_aPlanifikimi i qytetit _zShtetet e bashkuara |
|
| 650 | 0 |
_aPërtëritje urbane _zShtetet e bashkuara |
|
| 650 | 0 |
_aPolitika urbane _zShtetet e bashkuara |
|
| 856 | 4 | 2 |
_3Contributor biographical information _uhttp://www.loc.gov/catdir/bios/random051/92032407.html |
| 856 | 4 | 1 |
_3Sample text _uhttp://www.loc.gov/catdir/samples/random044/92032407.html |
| 856 | 4 | 2 |
_3Publisher description _uhttp://www.loc.gov/catdir/description/random0411/92032407.html |
| 942 |
_2udc _cBK |
||
| 999 |
_c212 _d212 |
||